Harry Potter - Muggles and Squibs - Statistics

General Stats
  • This quiz has been taken 2,119 times
  • The average score is 12 of 19
Answer Stats
Answer % Correct
Harry's aunt Petunia Dursley
99%
Harry's cousin. Dudley Dursley
98%
Harry's uncle. Vernon Dursley
98%
One of Harry's best friends Hermione Granger
95%
The above's sister Aunt Marge
93%
Caretaker at Hogwarts Argus Filch
87%
Harry's biggest fan, owns a camera. Colin Creevey
85%
The above's younger brother Dennis Creevey
76%
Voldemort's father. Tom Riddle Senior
75%
Watches over Harry whilst he is at Privet Drive Arabella Figg
73%
A Gryffindor and West Ham fan Dean Thomas
61%
The above's gardner Frank Bryce
55%
The above's friend who accompanies them to the zoo Piers Polkiss
49%
A Hufflepuff petrified by the basilisk. Justin Finch-Fletchley
45%
Trialed in the ministry of magic to confirm her ancestry Mary Cattermole
40%
Man at Harry and Hagrid's safe house Ted Tonks
22%
Head of the goblin liason office. Dirk Cresswell
11%
Voldemort's Grandfather. Thomas Riddle
11%
Voldemort's Grandmother Mary Riddle
10%
No matching quizzes found
Score Distribution
Percent of People with Each Score
Percentile by Number Answered
Your Score History
You have not taken this quiz